| 000 | 00645cam a2200217 a 4500 | ||
|---|---|---|---|
| 001 | 14048 | ||
| 003 | BD - Jhcc | ||
| 005 | 20240526080230.0 | ||
| 008 | 880808s1961 enk a 001 0 eng d | ||
| 035 | _a(BD - Jhcc)14048 | ||
| 040 |
_dBD - Jhcc _aBD-JhCC |
||
| 041 | _aeng | ||
| 082 |
_a821.09 _b REE 1961 |
||
| 100 | 1 | _a Reeves, James | |
| 245 | 1 | 0 |
_aA Short History of English Poetry / _bJames Reeves |
| 260 |
_aLondon : _bMercury Books; _c1961. |
||
| 300 |
_a228 p. ; _c22 cm. |
||
| 505 | 0 | _aThe line of wit.--Milton's verse.--Pope.--The Augustan tradition.--Wordsworth.--Shelley.--Keats. | |
| 650 | 0 | _aEnglish poetry | |
| 942 |
_2ddc _cBK |
||
| 999 |
_c14048 _d14048 |
||